Тест на общие знания №49 - Statistics

General Stats
  • This quiz has been taken 36 times
  • The average score is 10 of 20
Answer Stats
Вопрос Ответ % Correct
Кто цапнул Греку за руку? рак
92%
Какой титул у Пич, Дианы и Белоснежки? принцесса
88%
В каком виде спорта есть лутц, аксель и тулуп? фигурное катание
80%
Кто, вопреки стереотипу, никогда не говорил фразу: "Я устал... Я ухожу..."? Борис Ельцин
68%
Как звали капитана "Наутилуса" и потерявшуюся рыбу-клоуна? Немо
68%
Что измеряется в герцах? частота
64%
Что, согласно фразеологизму, надо открыть, чтобы совершить поступок с необратимыми последствиями? ящик Пандоры
60%
В состав какой организации входят Бразилия, Россия, Индия, Китай и ЮАР? БРИКС
60%
Как называется чеснок в количестве одной штуки? головка
60%
Когда празднуется день России? 12-го июня
60%
Кто исполнил главную роль в фильме "Д'Артаньян и три мушкетёра" 1978-го года? Михаил Боярский
56%
В какой климатической зоне растёт ягель? тундра
52%
Какими могут быть стол, семья и стенка? шведские
48%
Название какой компании происходит от словосочетания, переводящегося с датского как "хорошо играть"? LEGO
36%
Что означает буква "c" в уравнении E = mc²? скорость света
24%
Какой вид вымер по вине человека в Австралии в 1930-м году? тилацин
20%
Какие спортсмены могут быть подвержены кесонной болезни? дайверы
20%
В состав какой зоны Тихого океана входят Новая Зеландия, Самоа, Кирибати и другие архипелаги? Полинезия
16%
Какая современная страна названа в честь апостола Фомы? Сан-Томе и Принсипи
12%
Что изучает вексиллолог? флаги
12%
No matching quizzes found
Score Distribution
Percent of People with Each Score
Percentile by Number Answered
Your Score History
You have not taken this quiz